Logo BPK

Biblioteka

Politechniki Koszalińskiej

C++ XML / (Rekord nr 42321)

Szczegóły MARC
000 -ETYKIETA REKORDU
podpole kontrolne o stałej długości 01208nam a2200301 i 4500
001 - NUMER KONTROLNY REKORDU
pole kontrolne bg
020 ## - MIĘDZYNARODOWY ZNORMALIZOWANY NUMER KSIĄŻKI - ISBN
ISBN 8372792151
040 ## - ŹRÓDŁO KATALOGOWANIA
Instytucja, która utworzyła rekord BPK
041 1# - KOD JĘZYKA
Kod języka tekstu pl
Kod języka oryginału en
080 ## - UNIWERSALNA KLASYFIKACJA DZIESIĘTNA - UKD
UKD 004.438A/Z:004.738.52](07)
920 ## - Międzynarodowy znormalizowany numer książki – ISBN
ISBN 83-7279-215-1
008 - POLE O STAŁEJ DŁUGOŚCI - DANE KONTROLNE
podpole kontrolne o stałej długości s pl f |000 0 pol
100 1# - NAZWA OSOBOWA
Nazwa osobowa ARCINIEGAS, Fabio
245 10 - TYTUŁ/ODPOWIEDZIALNOŚĆ
Tytuł C++ XML /
Pozostałe elementy strefy tytułu i oznaczenia odpowiedzialności Fabio Arciniegas ; przekł. z jęz. ang. Piotr Pęzik.
246 ## - WARIANT TYTUŁU
Treść wyrażenia wprowadzającego Tyt. oryg.:
Tytuł C++ XML
260 ## - STREFA ADRESU WYDAWNICZEGO
Miejsce wydania Warszawa :
Nazwa wydawcy/dystrybutora "Mikom",
Data publikacji, dystrybucji/powstania dokumentu 2002.
300 ## - STREFA OPISU FIZYCZNEGO
Objętość 322 s. :
Inne cechy fizyczne il. ;
Rozmiary 24 cm +
Dokument towarzyszący CD-ROM.
490 1# - STREFA SERII I DOKUMENTU WIELOCZĘŚCIOWEGO - FORMA NIE DO WYSZUKIWANIA
Tytuł i oznaczenie odpowiedzialności serii Nowa Biblioteka Programisty
500 ## - UWAGI OGÓLNE
Tekst uwagi Tyt. oryg.: "C++ XML" 2002. Na okł. podtyt.: zastosowanie wszystkich najważniejszych technologii XML z poziomu C++ (C++ SAX, DOM, XSLT, XPath i inne), wszystkie aspekty wydajnego tworzenia serwerowych, niezależnych i klienckich aplikacji C++ dla XML, rozszerzenia programów C++, pozwalające na sprawną integrację XML w bazach danych.
504 ## - UWAGA DOTYCZĄCA BIBLIOGRAFII
Informacje o bibliografii Indeks.
650 #9 - HASŁO PRZEDMIOTOWE W FORMIE NAZWY OGÓLNEJ LUB JEDNOSTKOWEJ
Nazwa ogólna lub geograficzna C++ (język programowania)
650 #9 - HASŁO PRZEDMIOTOWE W FORMIE NAZWY OGÓLNEJ LUB JEDNOSTKOWEJ
Nazwa ogólna lub geograficzna XML
655 ## - TERMIN INDEKSOWY - OKREŚLENIE RODZAJU/FORMY DOKUMENTU
Określenie rodzaju/formy dokumentu Podręczniki
700 1# - HASŁO DODATKOWE - NAZWA OSOBOWA
Nazwa osobowa PĘZIK, Piotr.
Określenie związku między hasłem a opisywanym materiałem Tł.
830 ## - HASŁO DODATKOWE SERII LUB DOKUMENTU WIELOCZĘŚCIOWEGO - TYTUŁ UJEDNOLICONY
Tytuł ujednolicony Nowa Biblioteka Programisty
856 ## - LOKALIZACJA I DOSTĘP DO ELEKTRONICZNYCH DOKUMENTÓW ZDALNYCH
Link (URL) http://koha.tu.koszalin.pl/cgi-bin/koha/opac-detail.pl?biblionumber=42321
Tekst linku Katalog online BPK
942 ## - DODATKOWE ELEMENTY (KOHA)
Typ dokumentu Książka
Egzemplarze
Wycofany Status egzemplarza Uszkodzony Dostępność Lokalizacja stała Lokalizacja bieżąca Miejsce przechowywania Sygnatura Kod kreskowy Typ dokumentu Dołączone materiały Numer ubytku
      Dostępny Biblioteka Politechniki Koszalińskiej Biblioteka Politechniki Koszalińskiej Wypożyczalnia BG 66488 01984767 Książka    
      Dostępny Biblioteka Politechniki Koszalińskiej Biblioteka Politechniki Koszalińskiej Wypożyczalnia BG 64914 01896053 Książka 1 CD-ROM 6139
© 2023 Biblioteka Politechniki Koszalińskiej :: KOHA